000 00249nam a2200097Ia 4500
008 220216s9999 xx 000 0 und d
245 0 _aE-vyapaaram mahachryam karshakanu kittanan panam
260 _bKarshakasree
_c2020
300 _a74-75
942 _cJS
999 _c59068
_d59068